000 00545nam a2200181Ia 4500
003 SISC
005 20160224083510.0
008 140910s9999 xx 000 0 und d
020 _a0078212197
050 _aQA 107
_b.G563 2000
245 _aGlencoe mathematics :
_bapplication and connection course 2 /
250 _bCalifornia ed.
260 _aUnited States :
_bGlencoe McGraw-Hill,
_cc2000.
300 _a682 pages :
_bcolored illustration ;
_c28 cm.
650 _aConnections.
650 _aMathematics
_xApplications.
942 _cBK
_2lcc
999 _c282555
_d282555